Mental Health and Well-beng New Paadigms/ (Record no. 200030)
[ view plain ]
| 000 -LEADER | |
|---|---|
| fixed length control field | 00635nam a22001937a 4500 |
| 005 - DATE AND TIME OF LATEST TRANSACTION | |
| control field | 20240108143413.0 |
| 010 ## - LCCN (DPL NO) | |
| LC control number | ENG-138820 |
| 020 ## - INTERNATIONAL STANDARD BOOK NUMBER | |
| International Standard Book Number | 978-93-90951-75-38 |
| Terms of availability | 800.00 |
| 035 ## - SYSTEM CONTROL NUMBER | |
| System control number | EN-122352 |
| 037 ## - SOURCE OF ACQUISITION | |
| Source of stock number/acquisition | DBAD/PUB |
| 082 ## - DEWEY DECIMAL CLASSIFICATION NUMBER | |
| Classification number | 152.42 |
| 245 ## - TITLE STATEMENT | |
| Title | Mental Health and Well-beng New Paadigms/ |
| Statement of responsibility, etc | edited by Santosh Dhar, Shubhi Vyas and Sandeep Pandey |
| 260 ## - PUBLICATION, DISTRIBUTION, ETC. (IMPRINT) | |
| Place of publication, distribution, etc | Noida |
| Name of publisher, distributor, etc | Allied Publishers Pvt. Ltd. |
| Date of publication, distribution, etc | 2023 |
| 270 ## - ADDRESS | |
| Address | D-5, Sector-2, Noida-201 301 |
| 300 ## - PHYSICAL DESCRIPTION | |
| Extent | 228p. |
| Dimensions | 25cm(Hbk) |
| 700 ## - ADDED ENTRY--PERSONAL NAME | |
| 9 (RLIN) | 60332 |
| 710 ## - ADDED ENTRY--CORPORATE NAME | |
| Corporate name or jurisdiction name as entry element | Santosh Dhar, Subhi Vyas and Sandeep Pandey |
| Relator term | Editors |
| 9 (RLIN) | 60735 |
| 942 ## - ADDED ENTRY ELEMENTS (KOHA) | |
| Source of classification or shelving scheme | Dewey Decimal Classification |
| Item type | English Books |
| Classification part | 152.42 |
| Call number suffix | Men |
| Withdrawn status | Lost status | Not for loan | Collection code | Home library | Current library | Date acquired | Source of acquisition | Cost, normal purchase price | Full call number | Barcode | Copy number | Cost, replacement price | Koha item type |
|---|---|---|---|---|---|---|---|---|---|---|---|---|---|
| Non-fiction | Tri Nagar | Tri Nagar | 08/01/2024 | DBAD/PUB | 800.00 | 152.42 MEN | EN-122352 | 1 | 800.00 | English Books |
